Revival of Traditional Heritage by Fusion of Different Techniques/ (Record no. 211560)

MARC details
000 -LEADER
fixed length control field 00682nam a22002057a 4500
005 - DATE AND TIME OF LATEST TRANSACTION
control field 20250604114004.0
010 ## - LCCN (DPL NO)
LC control number ENG-145174
020 ## - INTERNATIONAL STANDARD BOOK NUMBER
International Standard Book Number 9789390670772
Terms of availability 270.00
035 ## - SYSTEM CONTROL NUMBER
System control number EN-128706
037 ## - SOURCE OF ACQUISITION
Source of stock number/acquisition DBAD
082 ## - DEWEY DECIMAL CLASSIFICATION NUMBER
Classification number 338.52
Edition number 1
100 ## - MAIN ENTRY--PERSONAL NAME
Personal name Sodhi, Suman
245 ## - TITLE STATEMENT
Title Revival of Traditional Heritage by Fusion of Different Techniques/
Statement of responsibility, etc Suman Sodhi [and] Nisha Arya
260 ## - PUBLICATION, DISTRIBUTION, ETC. (IMPRINT)
Place of publication, distribution, etc Gurugram
Name of publisher, distributor, etc Earth Vision Publications
Date of publication, distribution, etc 2022
270 ## - ADDRESS
Address H-23/16, DLF Phase-1
City Gurugram
Postal code 122002
300 ## - PHYSICAL DESCRIPTION
Extent xiv, 196p.
Dimensions 21cm(hbk)
500 ## - GENERAL NOTE
General note This book is about a ecology and earth.
700 ## - ADDED ENTRY--PERSONAL NAME
Personal name Arya, Nisha
9 (RLIN) 67317
Relator term Author
942 ## - ADDED ENTRY ELEMENTS (KOHA)
Source of classification or shelving scheme Dewey Decimal Classification
Item type English Books
Classification part 338.52
Call number suffix SOD
Holdings
Withdrawn status Lost status Not for loan Collection code Home library Current library Date acquired Source of acquisition Cost, normal purchase price Full call number Barcode Copy number Cost, replacement price Koha item type
      Non-fiction RC3 Shakur Pur RC3 Shakur Pur 04/06/2025 Delivery of Books Act Division 270.00 338.52 SOD EN-128706 1 270.00 English Books

© Delhi Public Library
Hit Counter
free hit counter